1541 1132 1114 1761 1580 1527 1467 1743 1655 1901 1143 1429 1564 1916 1082 1674 1873 1746 1961 1415 1363 1988 1323 1949 1703 1863 1078 1914 1182 1379 1902 1888 1860 1762 1140 1360 1118 1334 1079 1418 1131 1628 1571 1852 1370 1017 1284 1046 1539 1965 1985 1183 1674 1544 1800 1534 1243 1141 1703 1568 1224 1345 1491 1654 1200 1710 1944 1288 1410 1370 1795 1140 1065 1852 1275 1843 1005 1009 1580 1526 1281 1967 1128 1843 1087 1747 1116 1920 1169 1951 1191 1945 1982 1692 1617 1343 1454 1124 1565 BCNSPRNW ULIB Ver.6.0+V

เปลี่ยนเป็นภาษาไทย

Change to English
 แสดงรายละเอียดบรรณานุกรม
  กลับหน้าหลัก

Brief Record : Get Marc (ISO 2709) : E-mail record : QR code < ปิดหน้าต่าง
LEADER : 00000nam 2200000uu 4500
001    13399122822
003     ULIB
008    130927s2554||||th 000 0 tha d
020    ^a9786167078168
090    นว.^bภ21พ
100 0  ^aภาคินัย
245 10 ^aพอร์ซเลน...ตุ๊กตาอาฆาต /^cภาคินัย [นามแฝง]
260    ^aกรุงเทพฯ :^bโซฟา พับลิชชิ่ง,^c2554
300    ^a256 หน้า
945    ^p200^l0^i034048
999    ^aเกษร โพธิ์สุวรรณ
รายการนี้ยังไม่มีแท็ก
คุณยังไม่ได้ล็อกอิน คุณสามารถมีกิจกรรมร่วมกับเว็บไซต์ได้ แต่ต้องล็อกอินก่อน ::
  ล็อกอิน

รายการสื่อสารสนเทศ

ลำดับที่ ประเภท เลขเรียก/บาร์โค้ด สถานที่ สถานะ
1. นวนิยาย
นวนิยาย
นว. ภ21พ ฉ.1 
  Barcode: 034048
ห้องสมุดวิทยาเขตสวรรค์ประชารักษ์
►นวนิยาย
บนชั้น
  ขอยืม

รายการใกล้เคียง
    ผู้แต่ง [ภาคินัย]

BibComment


ยังไม่เคยถูกคอมเมนท์

คอมเมนท์ทรัพยากรรายการนี้
  คอมเมนท์: พอร์ซเลนตุ๊กตาอา..


 Copyright 2026. Bcnsprnw @Library